Fundamental pticles and low temperature (Record no. 1185)

MARC details
000 -LEADER
fixed length control field 00670nam a2200193Ia 4500
003 - CONTROL NUMBER IDENTIFIER
control field IN-BaIIA
008 - FIXED-LENGTH DATA ELEMENTS--GENERAL INFORMATION
fixed length control field 211028s9999 xx 000 0 eng d
040 ## - CATALOGING SOURCE
Transcribing agency IIA Library
080 ## - UNIVERSAL DECIMAL CLASSIFICATION NUMBER
Universal Decimal Classification number 539.12(082.1)
Item number PHY
110 ## - MAIN ENTRY--CORPORATE NAME
Corporate name or jurisdiction name as entry element Physical Society of London
9 (RLIN) 2181
245 #0 - TITLE STATEMENT
Title Fundamental pticles and low temperature
Remainder of title vol. I, fundamental pt.icles
Statement of responsibility, etc. The Physical Society
260 ## - PUBLICATION, DISTRIBUTION, ETC.
Place of publication, distribution, etc. London
Name of publisher, distributor, etc. The Physical Society
Date of publication, distribution, etc. 1947
300 ## - PHYSICAL DESCRIPTION
Extent [various pagings.]
650 ## - SUBJECT ADDED ENTRY--TOPICAL TERM
Topical term or geographic name entry element Elementary pticle interactions
9 (RLIN) 2484
650 ## - SUBJECT ADDED ENTRY--TOPICAL TERM
Topical term or geographic name entry element Elementary pticle physics
9 (RLIN) 2485
650 ## - SUBJECT ADDED ENTRY--TOPICAL TERM
Topical term or geographic name entry element Low temperature physics
9 (RLIN) 2486
650 ## - SUBJECT ADDED ENTRY--TOPICAL TERM
Topical term or geographic name entry element NASA Thesaurus
942 ## - ADDED ENTRY ELEMENTS (KOHA)
Koha item type Books
Holdings
Withdrawn status Lost status Damaged status Not for loan Home library Current library Shelving location Date acquired Total Checkouts Full call number Barcode Date last seen Price effective from Koha item type
        IIA Library-Bangalore IIA Library-Bangalore General Stacks     539.12(082.1)/ PHY 1250 05/11/2021   Books

Powered by Koha